000 00895nam a22002777a 4500
003 CHAP
005 20220329135431.0
008 971013s r 00010 d
010 _a36389
011 _a37361
035 _a41481
040 _cCHAP
090 _aR-3510
100 0 0 _aOlcott-Reed, Brenda.
_982976
245 _aField reactions of strawberry cultivars and selections to anthracnose fruit rot, leather rot and gray mold in Arkansas
500 _aSobretiro de : Fruit Varieties Journal 49 (1) : 4-13, 1995
590 _aBATCH-UPD
_b10
_c20130109
_lUCH01
_h2344
590 _aBATCH-UPD
_b10
_c20130110
_lUCH01
_h1911
590 _aCONVERSION
_b10
_c20130109
_lUCH01
_h1320
650 1 4 _aFresa
_xArkansas.
_943188
650 1 4 _aFresa
_xEnfermedades.
_943202
700 0 _aMoore, James N.
_978074
901 _aBK
942 _cREIMP
949 _aR-3510
_bBC
_cR
_d-95096
_eTS1
_i41481
_si
999 _c36389
_d36389